书目信息 |
| 题名: |
海派园林
|
|
| 作者: | 唐明生 著 | |
| 分册: | ||
| 出版信息: | 上海 文汇出版社 2010.05 |
|
| 页数: | 287页 | |
| 开本: | 23cm | |
| 丛书名: | 海派文化丛书 | |
| 单 册: | ||
| 中图分类: | K928.73 | |
| 科图分类: | ||
| 主题词: | 园林--yuan lin--简介--上海市 | |
| 电子资源: | ||
| ISBN: | 978-7-80741-853-5 | |
| 000 | 00910nam 2200265 450 | |
| 001 | 012010415296 | |
| 005 | 20101105082757.51 | |
| 010 | @a978-7-80741-853-5@dCNY35.00 | |
| 100 | @a20101105d2010 em y0chiy0120 ea | |
| 101 | 0 | @achi |
| 102 | @aCN@b310000 | |
| 105 | @aa a 000yy | |
| 106 | @ar | |
| 200 | 1 | @a海派园林@Ahai pai yuan lin@f唐明生著@Ftang ming sheng zhu |
| 210 | @a上海@c文汇出版社@d2010.05 | |
| 215 | @a287页@c图@d23cm | |
| 225 | 2 | @a海派文化丛书@Ahai pai wen hua cong shu |
| 320 | @a有书目 (第283-284页) | |
| 330 | @a本书是在海派文化背景下,对上海园林所作的一种解读,内容包括私家花园的演变与新生、租界问世与侨民花园、逢盛世名园重获新生、张扬人与生态的互相融合等7章。 | |
| 410 | 0 | @12001 @a海派文化丛书 |
| 606 | 0 | @a园林@Ayuan lin@x简介@y上海市 |
| 690 | @aK928.73@v4 | |
| 701 | 0 | @a唐明生@Atang ming sheng@4著 |
| 801 | 0 | @aCN@bQSSK@c20101105 |
| 905 | @b787059-61@dK928.73@eT256@f3 | |
| 海派园林/唐明生著.-上海:文汇出版社,2010.05 |
| 287页:图;23cm.-(海派文化丛书) |
| ISBN 978-7-80741-853-5:CNY35.00 |
| 本书是在海派文化背景下,对上海园林所作的一种解读,内容包括私家花园的演变与新生、租界问世与侨民花园、逢盛世名园重获新生、张扬人与生态的互相融合等7章。 |
| ● |
| 相关链接 |
|
|
|
正题名:海派园林
索取号:K928.73/T256
 
预约/预借
| 序号 | 登录号 | 条形码 | 馆藏地/架位号 | 状态 | 备注 |
| 1 | 787059 | 207870598 | 社科库309/309社科库 19排1列1层/ [索取号:K928.73/T256] | 在馆 | |
| 2 | 787060 | 207870605 | 社科库309/309社科库 19排1列1层/ [索取号:K928.73/T256] | 在馆 | |
| 3 | 787061 | 207870614 | 社科库309/309社科库 19排1列1层/ [索取号:K928.73/T256] | 在馆 |